Technische Mitteilungen des RFZ

Saved in:
Bibliographic Details
Format: Serial
Language:German
Published: Berlin : Deutsche Post. Rundfunk- und Fernsehtechnisches Zentralamt
Subjects:
ISSN:0040-1455
Online Access: Get full text
Tags: Add Tag
No Tags, Be the first to tag this record!

MARC

LEADER 00000nas a2200000 4500
003 SK-BrCVT
005 20250130092208.0
008 u199u9999gw e b ger
022 |a 0040-1455 
035 |a CVTIDW1245212 
040 |b slo  |a BA002  |e AACR2  |c CVTI SR  |d CVT 
041 0 |a ger 
044 |a gw 
080 |a 621.39(05)  |2 UDC-MRF 
080 |a 621.396(05)  |2 UDC-MRF 
080 |a 621.397(05)  |2 UDC-MRF 
245 1 0 |a Technische Mitteilungen des RFZ 
260 |a Berlin :  |b Deutsche Post. Rundfunk- und Fernsehtechnisches Zentralamt 
310 |a Štvrťročník 
500 |a Vo fonde od roku:1971 
500 |a Od r. 1991 zrušený. 
653 1 |a oznamovacia technika  |a rádiotechnika  |a televízna technika  |a televízia 
910 |b C5410 
942 |2 udc  |c 15 
999 |c 151630  |d 151630 
974 |b Soňa Beutelhauserová